Statistics for #1 Hits of the 1990s

Click here to take the quiz!

General Stats

  • This quiz has been taken 77,177 times
    (77,161 since last reset)
  • The average score is 34 of 98

Answer Stats

#1'sArtist% Correct
1Britney Spears
88%
1George Michael /
Elton John
84%
1R. Kelly /
Céline Dion
81%
2Michael Jackson
80%
3Céline Dion
79%
1Mariah Carey /
Boyz II Men
79%
1Ricky Martin
79%
4Madonna
76%
4Whitney Houston
76%
13Mariah Carey
75%
1Christina Aguilera
72%
1Elton John
72%
4TLC
71%
2Will Smith
71%
5Janet Jackson
67%
1Spice Girls
67%
1Vanilla Ice
67%
1Aerosmith
64%
1Hanson
61%
1Coolio
58%
1Seal
58%
1Bryan Adams /
Rod Stewart / Sting
56%
2Bryan Adams
54%
1George Michael
53%
1Meat Loaf
53%
1Sinéad O'Connor
53%
4Boyz II Men
50%
1Destiny's Child
50%
1Santana
48%
1Cher
45%
1Enrique Iglesias
45%
2The Notorious B.I.G.
45%
1Right Said Fred
44%
1Sir Mix-a-Lot
43%
1Jon Bon Jovi
40%
2Toni Braxton
40%
1Ace of Base
39%
1Phil Collins
39%
1Brandy and Monica
37%
1Puff Daddy /
Faith Evans
37%
1Puff Daddy
36%
1Savage Garden
34%
1Jennifer Lopez
33%
12Pac
32%
2Paula Abdul
32%
1Paula Abdul with
the Wild Pair
32%
1Brandy
31%
1Lauryn Hill
31%
1R. Kelly
31%
2Roxette
31%
1Kris Kross
30%
2Michael Bolton
30%
1Prince and the New
Power Generation
30%
1BLACKstreet
28%
1New Kids on the Block
28%
1Snow
26%
1Barenaked Ladies
25%
1Los Del Rio
25%
2Monica
22%
1Extreme
21%
1Marky Mark and the
Funky Bunch
21%
1UB40
21%
1Alannah Myles
20%
1Vanessa Williams
20%
1Montell Jordan
19%
1Bone Thugs-N
Harmony
18%
1C+C Music Factory
18%
1Usher
17%
3Wilson Phillips
17%
1K-Ci and JoJo
16%
1All-4-One
15%
1Lisa Loeb &
Nine Stories
15%
1EMF
13%
1Mr. Big
12%
1Peabo Bryson and
Regina Belle
11%
1Amy Grant
10%
1Gloria Estefan
10%
1Ini Kamoze
10%
1P.M. Dawn
10%
2Color Me Badd
9%
1Next
9%
1SWV
9%
1Karyn White
7%
1Taylor Dayne
7%
1Londonbeat
6%
1Nelson
6%
1Silk
6%
1The Heights
6%
1Maxi Priest
4%
1Stevie B
4%
1Timmy T
4%
1Glenn Medeiros
3%
1Hi-Five
3%
1James Ingram
3%
1Tommy Page
3%
1Divine
2%
1Surface
2%
1Sweet Sensation
2%

Score Distribution

Percentile by Number Answered

Percent of People with Each Score

Your Score History

You have not taken this quiz since the last reset